Islam in history and politics: (Record no. 14715)

MARC details
000 -LEADER
fixed length control field 00852nam a22002417a 4500
005 - DATE AND TIME OF LATEST TRANSACTION
control field 20080801163537.0
008 - FIXED-LENGTH DATA ELEMENTS--GENERAL INFORMATION
fixed length control field 080801t xxu||||| |||| 00| 0 eng d
010 ## - LIBRARY OF CONGRESS CONTROL NUMBER
LC control number ENG-90660
020 ## - INTERNATIONAL STANDARD BOOK NUMBER
International Standard Book Number 9780195698367
Terms of availability 250.00
035 ## - SYSTEM CONTROL NUMBER
System control number EN-74193
037 ## - SOURCE OF ACQUISITION
Source of stock number/acquisition DBAD / PUB
040 ## - CATALOGING SOURCE
Original cataloging agency DPL
Language of cataloging EN
082 ## - DEWEY DECIMAL CLASSIFICATION NUMBER
Classification number 270.954
100 ## - MAIN ENTRY--PERSONAL NAME
Personal name
245 ## - TITLE STATEMENT
Title Islam in history and politics:
Remainder of title perspectives form South Asia /
Statement of responsibility, etc edited by Asim Roy
260 ## - PUBLICATION, DISTRIBUTION, ETC. (IMPRINT)
Place of publication, distribution, etc New Delhi
Name of publisher, distributor, etc Oxford University Press
Date of publication, distribution, etc 2008
300 ## - PHYSICAL DESCRIPTION
Extent xi, 224p.
Dimensions 23 cm (pbk)
650 ## - SUBJECT ADDED ENTRY--TOPICAL TERM
Topical term or geographic name as entry element Islam
General subdivision History
Geographic subdivision South Asia
650 ## - SUBJECT ADDED ENTRY--TOPICAL TERM
Topical term or geographic name as entry element Islam and Politics
Geographic subdivision South Asia
700 ## - ADDED ENTRY--PERSONAL NAME
Personal name Roy, Asim
942 ## - ADDED ENTRY ELEMENTS (KOHA)
Source of classification or shelving scheme Dewey Decimal Classification
Koha item type English Books
Classification part 270.954
Call number suffix ISL
Holdings
Withdrawn status Lost status Damaged status Not for loan Collection code Home library Current library Date acquired Cost, normal purchase price Total Checkouts Full call number Barcode Date last seen Copy number Cost, replacement price Price effective from Koha item type
      Not For Loan Non-fiction D.B.Act.Division D.B.Act.Division 01/08/2008 250.00   270.954 ISL EN-74193 15/09/2008 1 250.00 15/09/2008 English Books

© Delhi Public Library
Hit Counter
free hit counter